[Event "ROM-ch U14"]
[Site "Calimanesti"]
[Date "2018.03.27"]
[Round "1"]
[White "Nicoara, David Cristian"]
[Black "Vilcu, Matei Stefan"]
[Result "0-1"]
[WhiteElo "1450"]
[BlackElo "2005"]
[PlyCount "56"]
[EventDate "2018.03.27"]
[EventType "swiss"]
[EventRounds "9"]
[EventCountry "ROU"]
[SourceTitle "CBM 183 Extra"]
[Source "ChessBase"]
[SourceDate "2018.04.19"]
[SourceVersion "1"]
[SourceVersionDate "2018.04.19"]
[SourceQuality "1"]

1. e4 c5 2. c3 d6 3. d4 Nf6 4. Bd3 e6 5. Nf3 Nc6 6. 0-0 Be7 7. Bg5 0-0 8. Re1 h6 9. Be3 Ng4 10. Qe2 Nxe3 11. Qxe3 Qb6 12. b3 Rd8 13. Rd1 Bd7 14. Nbd2 cxd4 15. cxd4 Bf6 16. Nc4 Bxd4 17. Nxd4 Qxd4 18. Qxd4 Nxd4 19. Nxd6 Bc6 20. Nc4 Nb5 21. Ne5 Nc3 22. Nxc6 bxc6 23. Rd2 Nxe4 24. Rdd1 Nc3 25. Rd2 Rd5 26. Rc1 Rxd3 27. Rxd3 Ne2+ 28. Kf1 Nxc1 0-1

[Event "EU Union-ch U12"]
[Site "Kouty nad Desnou"]
[Date "2015.08.27"]
[Round "9"]
[White "Steiniger, Florian"]
[Black "Nicoara, David Cristian"]
[Result "1/2-1/2"]
[WhiteElo "1510"]
[BlackElo "1490"]
[PlyCount "41"]
[EventDate "2015.08.19"]
[EventType "swiss"]
[EventRounds "9"]
[EventCountry "CZE"]
[SourceTitle "EXT 2016"]
[Source "ChessBase"]
[SourceDate "2015.10.08"]
[SourceVersion "1"]
[SourceVersionDate "2015.10.08"]
[SourceQuality "1"]

1. e4 e6 2. d4 d5 3. Nd2 c5 4. c3 cxd4 5. cxd4 dxe4 6. Nxe4 Be7 7. Nf3 Nf6 8. Bd3 0-0 9. 0-0 Nc6 10. Be3 Nd5 11. Nc3 Bd7 12. Nxd5 exd5 13. a3 Qb6 14. b4 Bf6 15. Rc1 Kh8 16. Be2 Rfe8 17. Rc5 Be6 18. Qc2 Rac8 19. Rc1 Be7 20. Rc3 h6 21. Qd2 1/2-1/2

[Event "EU Union-ch U12"]
[Site "Kouty nad Desnou"]
[Date "2015.08.23"]
[Round "5"]
[White "Nicoara, David Cristian"]
[Black "Bitkova, Jelizaveta"]
[Result "1/2-1/2"]
[WhiteElo "1490"]
[BlackElo "1304"]
[PlyCount "59"]
[EventDate "2015.08.19"]
[EventType "swiss"]
[EventRounds "9"]
[EventCountry "CZE"]
[SourceTitle "EXT 2016"]
[Source "ChessBase"]
[SourceDate "2015.10.08"]
[SourceVersion "1"]
[SourceVersionDate "2015.10.08"]
[SourceQuality "1"]

1. e4 d6 2. d4 Nf6 3. Nc3 g6 4. f3 Bg7 5. Be3 0-0 6. Qd2 Nbd7 7. 0-0-0 b6 8. h4 h5 9. Bh6 c5 10. d5 Ne5 11. g4 hxg4 12. Bxg7 Kxg7 13. f4 Nf3 14. Nxf3 gxf3 15. f5 Rh8 16. Bd3 Qc7 17. Nb5 Qb7 18. Rdg1 c4 19. Bxc4 Nxe4 20. Qd4+ Nf6 21. h5 Bxf5 22. hxg6 Bxg6 23. Qe3 Rac8 24. Rxh8 Rxh8 25. Qxf3 Kf8 26. Qg3 Qd7 27. Nc3 Qh3 28. Qe1 Qh6+ 29. Kb1 Qh4 30. Qf1 1/2-1/2

[Event "EU Union-ch U12"]
[Site "Kouty nad Desnou"]
[Date "2015.08.22"]
[Round "4"]
[White "Skurniak, Szymon"]
[Black "Nicoara, David Cristian"]
[Result "1-0"]
[WhiteElo "1608"]
[BlackElo "1490"]
[PlyCount "47"]
[EventDate "2015.08.19"]
[EventType "swiss"]
[EventRounds "9"]
[EventCountry "CZE"]
[SourceTitle "EXT 2016"]
[Source "ChessBase"]
[SourceDate "2015.10.08"]
[SourceVersion "1"]
[SourceVersionDate "2015.10.08"]
[SourceQuality "1"]

1. e4 c5 2. Nf3 Nc6 3. d4 cxd4 4. Nxd4 g6 5. Nc3 Bg7 6. Be3 Nf6 7. Nxc6 bxc6 8. e5 Ng8 9. f4 f6 10. Bd4 Qa5 11. Qe2 Rb8 12. 0-0-0 c5 13. exf6 Bxf6 14. Be5 Rb7 15. Nd5 Kf8 16. Bxf6 exf6 17. a3 d6 18. g4 Kf7 19. g5 f5 20. Re1 Qd8 21. Bg2 Ne7 22. Qc4 Kg7 23. Qc3+ Kf7 24. Qf6+ 1-0

[Event "EU Union-ch U12"]
[Site "Kouty nad Desnou"]
[Date "2015.08.20"]
[Round "2"]
[White "Nicoara, David Cristian"]
[Black "Ullrich, Agata"]
[Result "1-0"]
[WhiteElo "1490"]
[BlackElo "1162"]
[PlyCount "33"]
[EventDate "2015.08.19"]
[EventType "swiss"]
[EventRounds "9"]
[EventCountry "CZE"]
[SourceTitle "EXT 2016"]
[Source "ChessBase"]
[SourceDate "2015.10.08"]
[SourceVersion "1"]
[SourceVersionDate "2015.10.08"]
[SourceQuality "1"]

1. e4 e5 2. Nf3 Nc6 3. d4 exd4 4. Bc4 Nf6 5. Ng5 d5 6. exd5 Na5 7. Bb5+ c6 8. dxc6 bxc6 9. Ba4 Ba6 10. Qf3 Qd6 11. Bd2 Rd8 12. Kd1 Nc4 13. Bxc6+ Ke7 14. Re1+ Ne5 15. Bf4 Nfd7 16. Bxe5 Nxe5 17. Qxf7# 1-0

[Event "ROM-ch U12"]
[Site "Calimanesti"]
[Date "2015.04.06"]
[Round "9"]
[White "Isfan, Ioan Marius"]
[Black "Nicoara, David Cristian"]
[Result "1-0"]
[WhiteElo "1773"]
[BlackElo "1441"]
[PlyCount "69"]
[EventDate "2015.03.30"]
[EventType "swiss"]
[EventRounds "9"]
[EventCountry "ROU"]
[SourceTitle "CBM 165 Extra"]
[Source "ChessBase"]
[SourceDate "2015.04.21"]
[SourceVersion "1"]
[SourceVersionDate "2015.04.21"]
[SourceQuality "1"]

1. c4 e6 2. Nf3 d5 3. g3 c6 4. Bg2 f5 5. 0-0 Nf6 6. d4 Bd6 7. b3 0-0 8. Ba3 Bxa3 9. Nxa3 Qe7 10. Nc2 Bd7 11. Nce1 Be8 12. Nd3 Kh8 13. Nfe5 g5 14. Qc1 Rg8 15. b4 Nbd7 16. Nxd7 Nxd7 17. Nc5 Nxc5 18. bxc5 Qg7 19. e3 h5 20. Rb1 h4 21. Qb2 Rb8 22. Qa3 a6 23. Rb6 f4 24. Qb2 Bg6 25. cxd5 exd5 26. Re1 Bh5 27. Bf1 f3 28. Bxa6 hxg3 29. fxg3 f2+ 30. Qxf2 bxa6 31. Rxc6 Rgf8 32. Qg2 Qh7 33. Qxd5 Bf7 34. Qxg5 Rg8 35. Qe5+ 1-0

[Event "ROM-ch U12"]
[Site "Calimanesti"]
[Date "2015.04.04"]
[Round "7"]
[White "Chivulescu, Adrian Alexandru"]
[Black "Nicoara, David Cristian"]
[Result "0-1"]
[WhiteElo "1631"]
[BlackElo "1441"]
[PlyCount "78"]
[EventDate "2015.03.30"]
[EventType "swiss"]
[EventRounds "9"]
[EventCountry "ROU"]
[SourceTitle "CBM 165 Extra"]
[Source "ChessBase"]
[SourceDate "2015.04.21"]
[SourceVersion "1"]
[SourceVersionDate "2015.04.21"]
[SourceQuality "1"]

1. d4 d5 2. c4 e6 3. Nc3 f5 4. Nf3 c6 5. g3 Bd6 6. Bg2 Nf6 7. 0-0 0-0 8. Qc2 Bd7 9. Rb1 Qe7 10. Bf4 Ne4 11. a3 b6 12. b4 g5 13. Bxd6 Nxd6 14. c5 Ne4 15. Ne5 Be8 16. f3 Nf6 17. b5 Qg7 18. bxc6 Nxc6 19. Qd3 Rb8 20. Nxc6 Bxc6 21. Rb4 h5 22. Kh1 Qh6 23. f4 g4 24. Kg1 Rf7 25. Qe3 Re8 26. Nb5 Bxb5 27. Rxb5 Rg7 28. Rfb1 Ree7 29. Kf2 h4 30. Rh1 h3 31. Bf1 Ne4+ 32. Ke1 Rc7 33. Qb3 Qf6 34. e3 Qe7 35. Bd3 Qd7 36. Ke2 Rh7 37. Bxe4 fxe4 38. Rb1 Rf7 39. a4 Qc6 0-1